| 000 | 00333nam a2200145 i 4500 | ||
|---|---|---|---|
| 001 | bg | ||
| 100 | 1 | _aBASKAKOV, Svjatoslav I. | |
| 245 | 0 |
_aOsnovy elektrodinamiki / _cS. I. Baskakov. |
|
| 260 |
_aMoskva, _c1973. |
||
| 040 | _cBPK | ||
| 041 | _apol | ||
| 080 | _a537.8 | ||
| 942 | _cKS | ||
| 008 | s pl f |000 0 pol | ||
| 999 |
_c15647 _d15647 |
||
| 856 |
_uhttp://koha.tu.koszalin.pl/cgi-bin/koha/opac-detail.pl?biblionumber=15647 _yKatalog online BPK |
||